The new wave (Record no. 77038)

MARC details
000 -LEADER
fixed length control field 00944cab a2200229 4500
001 - CONTROL NUMBER
control field ##L133490
008 - FIXED-LENGTH DATA ELEMENTS--GENERAL INFORMATION
fixed length control field 060512n2006 000 0 eng u
035 ## - SYSTEM CONTROL NUMBER
System control number (Sirsi) u133490
041 0# - LANGUAGE CODE
Language code of text/sound track or separate title eng
100 1# - MAIN ENTRY--PERSONAL NAME
Personal name Goldie, Anna
245 04 - TITLE STATEMENT
Title The new wave
260 ## - PUBLICATION, DISTRIBUTION, ETC.
Date of publication, distribution, etc. 2006
490 #0 - SERIES STATEMENT
Series statement Property Week
Volume/sequential designation 71(19) 12 May 2006, 33-40(8)
520 ## - SUMMARY, ETC.
Summary, etc. Reports on the ambitions of developers in the Gulf to emulate Dubai as the world's new property hotspot. Covers Bahrain's plans to cement its position as the financial centre of the Middle East, and Abu Dhabi's more cautious development strategy. Examines accusations of exploitation of migrant workers by construction companies in Dubai. Discusses a change in property laws that could encourage foreign investors in Dubai.
590 ## - LOCAL NOTE (RLIN)
Local note IKA230506
651 #4 - SUBJECT ADDED ENTRY--GEOGRAPHIC NAME
Geographic name DUBAI
651 #4 - SUBJECT ADDED ENTRY--GEOGRAPHIC NAME
Geographic name BAHRAIN
651 #4 - SUBJECT ADDED ENTRY--GEOGRAPHIC NAME
Geographic name ABU DHABI
651 #4 - SUBJECT ADDED ENTRY--GEOGRAPHIC NAME
Geographic name GULF
690 ## - LOCAL SUBJECT ADDED ENTRY--TOPICAL TERM (OCLC, RLIN)
Topical term or geographic name as entry element PROPERTY-PROPERTY DEVELOPMENT
942 ## - ADDED ENTRY ELEMENTS (KOHA)
Suppress in OPAC 0
Holdings
Withdrawn status Lost status Source of classification or shelving scheme Damaged status Not for loan Home library Current library Shelving location Date acquired Total Checkouts Full call number Barcode Date last seen Copy number Price effective from Koha item type
    Dewey Decimal Classification     London London Journal article 12/05/2006   L133490 133490-1001 06/08/2019 1 06/08/2019 Journal article